000 00680cam a2200253 4500500
005 20260329004852.0
041 _afre
042 _adc
100 1 0 _aLacroix, Alexandre
_eauthor
245 0 0 _aLes carnés du sous-sol
260 _c2021.
500 _a35
690 _aAlexandre Lacroix
690 _aChair
690 _aMarquis de Sade
690 _aMort
690 _anudité
690 _aPlaisir
690 _aPoil
690 _aPornographie
690 _aSexe
786 0 _nPhilosophie magazine | 151 | 8 | 2021-07-01 | p. 1-2 | 1951-1787
856 4 1 _uhttps://shs.cairn.info/magazine-philosophie-magazine-2021-6-page-1?lang=fr&redirect-ssocas=7080
999 _c1838000
_d1838000